Odpisovanie prenajatého automobilu

Operatívny a finančný leasing automobilu. Leasingová metóda odpisovania automobilu. Odpisovanie automobilu nájomcom. Odpisovanie automobilu po prechode vlastníckeho práva na nájomcu.

Na minha lista:
Detalhes bibliográficos
Autor principal: Černá, Anna
Formato: Capítulo de Livro
Idioma:eslovaco
Assuntos:
Tags: Adicionar Tag
Sem tags, seja o primeiro a adicionar uma tag!

MARC

LEADER 00000naa a2200000 4500
001 r035821
005 20230919090100.0
041 0 |a slo 
044 |a SK 
245 1 0 |a Odpisovanie prenajatého automobilu  |c Anna Černá 
520 |a Operatívny a finančný leasing automobilu. Leasingová metóda odpisovania automobilu. Odpisovanie automobilu nájomcom. Odpisovanie automobilu po prechode vlastníckeho práva na nájomcu. 
610 2 0 |a odpisy 
610 2 0 |a automobily 
610 2 0 |a lízing 
610 2 0 |a lízing operatívny 
610 2 0 |a lízing finančný 
610 2 0 |a prenájom zmluvný 
100 1 |a Černá, Anna